Loading...
Any History | 9 | 12.22 | 100% | 22% | 0% |
Current Events | 4 | 17.50 | 100% | 50% | 25% |
Fine Arts - Classical Music | 8 | 11.25 | 100% | 13% | 0% |
Fine Arts - Other Fine Arts | 8 | 13.75 | 88% | 38% | 13% |
Geography | 7 | 12.86 | 100% | 29% | 0% |
History - American History | 7 | 14.29 | 100% | 43% | 0% |
History - European History | 3 | 13.33 | 100% | 33% | 0% |
History - World History | 11 | 14.55 | 100% | 36% | 9% |
Literature - American Literature | 9 | 14.44 | 89% | 56% | 0% |
Literature - British Literature | 8 | 12.50 | 100% | 25% | 0% |
Literature - European Literature | 6 | 15.00 | 100% | 50% | 0% |
Literature - World Literature | 8 | 16.25 | 100% | 63% | 0% |
Mythology | 4 | 17.50 | 100% | 50% | 25% |
Other Academic | 4 | 17.50 | 100% | 75% | 0% |
Painting & Sculpture | 7 | 12.86 | 86% | 43% | 0% |
Philosophy | 6 | 15.00 | 100% | 50% | 0% |
Religion | 6 | 15.00 | 100% | 33% | 17% |
Science - Biology | 9 | 14.44 | 100% | 44% | 0% |
Science - Chemistry | 5 | 22.00 | 100% | 100% | 20% |
Science - Other Science | 9 | 20.00 | 100% | 89% | 11% |
Science - Physics | 6 | 13.33 | 100% | 33% | 0% |
Social Science | 8 | 15.00 | 100% | 50% | 0% |